000 00582nam a22001697a 4500
005 20251108171956.0
008 250721s1990 xx 000 0 ara d
082 1 4 _a616.9/فتح
100 1 _aيكن، فتحي
245 1 0 _aإحذروا الإيدز الحركي :
_bظاهرة تمزق البنى التنظيمية و كيف نصون بنيتنا /
250 _aط2
264 1 _aبيروت :
_bالمؤسسة الإسلامية للطباعة و الصحافة و النشر،
_c1990.
300 _a119ص
650 1 7 _aالإيدز
942 _2ddc
_cBK
999 _c67351
_d67351